Fr. Conceicao Rodrigues College of Engineering

Automated Information Retrieval Systems (Record no. 20824)

MARC details
000 -LEADER
fixed length control field 00267nam a2200121Ia 4500
082 ## - DEWEY DECIMAL CLASSIFICATION NUMBER
Classification number 25.4
100 ## - MAIN ENTRY--PERSONAL NAME
Personal name Belonogov
245 ## - TITLE STATEMENT
Title Automated Information Retrieval Systems
260 ## - PUBLICATION, DISTRIBUTION, ETC.
Name of publisher, distributor, etc. Mir Publishers
Date of publication, distribution, etc. 2001
546 ## - LANGUAGE NOTE
Language note ENGLISH
650 ## - SUBJECT ADDED ENTRY--TOPICAL TERM
Topical term or geographic name entry element Chemistry
942 ## - ADDED ENTRY ELEMENTS (KOHA)
Koha item type BOOK
Holdings
Withdrawn status Lost status Damaged status Not for loan Collection Home library Current library Date acquired Cost, normal purchase price Inventory number Total Checkouts Full call number Barcode Date last seen Cost, replacement price Price effective from Koha item type
        AFT Fr. Agnel's C.Rodrigues College of Engineering Fr. Agnel's C.Rodrigues College of Engineering 17/03/2023 2.20 3422   25.4 AFT1025 17/03/2023 2.20 17/03/2023 BOOK